Auditing & assurance: (Record no. 35692)

MARC details
000 -LEADER
fixed length control field 00667naa a2200193 4500
005 - DATE AND TIME OF LATEST TRANSACTION
control field 20100505113110.0
008 - FIXED-LENGTH DATA ELEMENTS--GENERAL INFORMATION
fixed length control field 100505t xxu||||| |||| 00| 0 eng d
020 ## - INTERNATIONAL STANDARD BOOK NUMBER
International Standard Book Number 9788183333085
Terms of availability 180.00
037 ## - SOURCE OF ACQUISITION
Source of stock number/acquisition PUB
040 ## - CATALOGING SOURCE
Original cataloging agency dpl
Language of cataloging English
100 ## - MAIN ENTRY--PERSONAL NAME
Personal name Nadhani, Asok K.
245 ## - TITLE STATEMENT
Title Auditing & assurance:
Statement of responsibility, etc by Asok K. Nadhani
Remainder of title CA-professional competence... course (IPCC) /
260 ## - PUBLICATION, DISTRIBUTION, ETC. (IMPRINT)
Place of publication, distribution, etc New Delhi
Name of publisher, distributor, etc BPB Publications
Date of publication, distribution, etc 2009
270 ## - ADDRESS
Address B-14, Cannught Place,
City New Delhi
Postal code 110001
300 ## - PHYSICAL DESCRIPTION
Extent 350p.
Dimensions 25cm(pbk)
500 ## - GENERAL NOTE
General note Includes index
942 ## - ADDED ENTRY ELEMENTS (KOHA)
Institution code [OBSOLETE] dpl
Item type English Books
Source of classification or shelving scheme Dewey Decimal Classification
Call number suffix NAD
Holdings
Withdrawn status Lost status Source of classification or shelving scheme Damaged status Not for loan Home library Current library Date acquired Cost, normal purchase price Total Checkouts Full call number Date last seen Cost, replacement price Koha item type
    Dewey Decimal Classification   Ordered Andrews Gunj Andrews Gunj 05/05/2010 180.00   NAD 05/05/2010 180.00 English Books

© Delhi Public Library
Hit Counter
free hit counter